Common Knowledge #21 - Statistics

General Stats
  • This quiz has been taken 871 times
  • The average score is 15 of 20
Answer Stats
Hint Answer % Correct
What is the name of the actor who played Jack in Titanic? Leonardo DiCaprio
95%
What is the head of Catholicism called? Pope
95%
In which ocean is the Bermuda Triangle located? Atlantic Ocean
93%
What language is the most popularly spoken worldwide? Chinese | English
93%
How many days are in a leap year 366
91%
Quebec is a province in Canada. What language do they speak there? French
90%
What is the name of the 1993 movie about dinosaurs? Jurassic Park
90%
What vegetable is known to help you see in the dark? Carrot
89%
What is the name of the longest river in South America? Amazon River
84%
What is the name of the musical artist who sings the song “Watermelon Sugar”? Harry Styles
81%
What food does Popeye like to eat? Spinach
80%
What does Na stand for on the periodic table? Sodium
77%
What temperature (in Fahrenheit) does water freeze at? 32 Degrees
75%
What animal is covered in quills? Porcupine
74%
What is the name of Han Solo’s ship? Millennium Falcon
62%
Who is known for leading slaves to freedom through the Underground Railroad? Harriet Tubman
53%
What group of animals is known as a “flamboyance”? Flamingos
45%
The likeness of which president is featured on the rare $2 bill of USA currency? Thomas Jefferson
42%
Which U.S. state is known as “America’s Dairyland”? Wisconsin
42%
Who was the winner of American Idol season 1 in 2002? Kelly Clarkson
39%
No matching quizzes found
Score Distribution
Percent of People with Each Score
Percentile by Number Answered
Your Score History
You have not taken this quiz